| 000 | 00416nam a2200157Ia 4500 | ||
|---|---|---|---|
| 008 | 210716s2000 xx 000 0 und d | ||
| 020 | _a0130872946 | ||
| 041 | _aeng | ||
| 082 | _a658.4012 WHET | ||
| 100 | _aWheeien, Thomas L; Hunger, J David. | ||
| 245 | _aStrategic management. | ||
| 250 | _a7 | ||
| 260 |
_aNew Jersey _bPrentice Hall of India _c2000 |
||
| 300 | _axxvi,32-12 | ||
| 650 | _aStrategic Management | ||
| 999 |
_c200736 _d200736 |
||